Anak Pondok

Bibliographic Details
Main Author: Arifin Ngah
Format: Book
Published: Kuala Lumpur : DBP , 1994
Subjects:

MARC

LEADER 00000cam a2200000 7i4500
001 0000006563
002 000007078
005 20000330.0
020 |a 9836244379 
090 0 0 |a F   |b ARI 
100 0 |a Arifin Ngah 
245 1 0 |a Anak Pondok   |c Arifin Ngah 
260 |a Kuala Lumpur :   |b DBP ,   |c 1994 
300 |a 175p. ;   |c 19cm. 
650 0 0 |a General fiction, Malay 
999 |a 039843   |b BUKU   |c YOUTH FICTION   |e PERPUSTAKAAN KOMUNITI PETALING JAYA 
999 |a 039844   |b BUKU   |c PINJAMAN   |e PERPUSTAKAAN KOMUNITI PETALING JAYA